Municipalities of Baja California Sur - with a map - Statistics

General Stats
  • This quiz has been taken 95 times
  • The average score is 4 of 5
Answers on the Map
Answers color-coded by a green-red scale on the quiz's map according to % correct below.
 
Answer Stats
Answer % Correct
La Paz
98%
Loreto
85%
Los Cabos
85%
Mulegé
76%
Comondú
63%
No matching quizzes found
Score Distribution
Percent of People with Each Score
Percentile by Number Answered
Your Score History
You have not taken this quiz